000 00885cam a22002291 4500
001 e 33000060
003 DLC
005 20260227111223.0
008 880621s1932 ilu 000 0 eng
010 _ae 33000060
035 _a(OCoLC)18117320
040 _aDLC
_cAU
_dDLC
042 _apremarc
050 0 0 _aL142
_b.B35 no. 264
110 1 _aIllinois.
_bOffice of the Superintendent of Public Instruction.
245 1 0 _aList of books and prices.
_cIssued by the superintendent of public instruction, July 15, 1932. In accordance with the provisions of an act to regulate the adoption, sale and distribution of school textbooks. (Printed by authority of the state of Illinois)
260 _a[Springfield?
_c1932]
300 _a165 p.
_c23 cm.
490 0 _aCircular ;
_vno. 264
650 0 _aTextbooks
_zIllinois.
740 0 _aIllinois official list of text books and prices.
999 _c21291
_d21291